Under 25 Giovani Blues

Guardat en:
Dades bibliogràfiques
Autor principal: Tondelli Pier Vittorio
Format: Llibre
Idioma:anglès
Publicat: Urbino Il lavoro editoriale 1986
Etiquetes: Afegir etiqueta
Sense etiquetes, Sigues el primer a etiquetar aquest registre!

MARC

LEADER 00000nam a2200000 4500
003 NP
005 20260306180009.0
008 260306b |||||||| |||| 00| 0 eng d
020 |a 8876630740 
040 |c NP 
100 |a Tondelli Pier Vittorio 
245 |a Under 25  |b  Giovani Blues  |c Pier Vittorio Tondelli 
260 |a Urbino  |b Il lavoro editoriale  |c 1986 
942 |2 ddc  |c BK  |n 0 
952 |0 0  |1 0  |2 ddc  |4 0  |6 853_914000000000000_TON_UND  |7 0  |9 33253  |a RO  |b RO  |d 2026-03-06  |l 0  |o 853.914 TON UND  |p 11781  |r 2026-03-06 18:01:07  |w 2026-03-06  |x N111  |y BK 
999 |c 28878  |d 28878